Generation X: Slang - Statistics

General Stats
  • This quiz has been taken 31 times
  • The average score is 15 of 25
Answer Stats
Hint Answer % Correct
kile like
100%
eddu dude
96%
male lame
96%
dra rad
96%
th'bicin bitchin'
92%
hlcil chill
92%
oocl nabes cool beans
88%
keat a hillc lilp take a chill pill
85%
tea ym thorss eat my shorts
69%
agg em tihw a nospo gag me with a spoon
65%
wre'esh teh feeb? where's the beef?
65%
ekeg uto geek out
62%
ougbs bogus
58%
drow ot rouy retomh word to your mother
54%
mobb gyditig bomb diggity
50%
muerbm bummer
50%
dryog ot het axm grody to the max
50%
ylarng gnarly
46%
llatoyt totally
46%
ewkidc wicked
38%
luurabt tubular
35%
cedhyps psyched
27%
kotsde stoked
23%
threwave whatever
23%
oaiubdcos bodacious
15%
No matching quizzes found
Score Distribution
Percent of People with Each Score
Percentile by Number Answered
Your Score History
You have not taken this quiz